| 000 | 00533nam a22001937a 4500 | ||
|---|---|---|---|
| 003 | OSt | ||
| 005 | 20171101131903.0 | ||
| 008 | 171101b xxu||||| |||| 00| 0 eng d | ||
| 020 | _a0521629233 | ||
| 040 | _cDDC | ||
| 082 | _a531BAI 1995 | ||
| 100 |
_aBaines,Peter.G; _912236 |
||
| 245 | _aTopographic Effects in Stratified Flows | ||
| 260 |
_aNew York. _bCambridge University Press _c1995 |
||
| 300 |
_axv,482p; _bill: _c24cm |
||
| 504 | _aincludes appendix ,references and index. | ||
| 650 |
_aPhysics _9809 |
||
| 942 |
_2ddc _cO_SHELF |
||
| 999 |
_c5870 _d5870 |
||